000 00352 a2200157 4500
001 57551
020 _a8526234382
040 _cAnchieta - Pituba
100 _aFerraz, José Antônio
240 1 0 _aReceita para um dragão
_lpor
245 1 0 _aReceita para um dragão
300 _a63
362 0 _a1999
650 4 _aLiteratura juvenil
942 _cBK
999 _c57551
_d57551